Statystyki dla Piłka nożna quiz #41 - Najwięcej występów w reprezentacji Hiszpanii

Kliknij tutaj aby rozwiązać quiz!

Ogólne statystyki

  • Ten quiz został rozwiązany 106 razy
  • Średni wynik to 6 z 10

Statystyki odpowiedzi

MiejsceZawodnikLata gryMeczeBramki% Poprawnych
5Andrés Iniesta2006–201813113
92%
2Iker Casillas2000–20161670
90%
4Xavi2000–201413313
90%
1Sergio Ramos2005–202118023
85%
9Fernando Torres2003–201411038
70%
3Sergio Busquets2009–20221432
69%
8Xabi Alonso2003–201411416
57%
7David Silva2006–201812535
44%
10Cesc Fàbregas2006–201411015
42%
6Andoni Zubizarreta1985–19981260
8%

Rozkład punktacji

Percentyl według liczby udzielonych odpowiedzi

Procent ludzi z każdym wynikiem

Twoja historia wyników

Nie rozwiązałeś tego quizu